000 00246nam a2200109Ia 4500
008 230312s9999||||xx |||||||||||||| ||und||
082 _a758.940
_bSCO-L
100 _aScolly:susan
245 0 _aLove devotion
650 _aArchitecture
942 _cBK
999 _c14475
_d14475